Normal view
MARC view
- HOWARD W.SONS
Entry Personal Name
001 - CONTROL NUMBER
- control field: 74090
003 - CONTROL NUMBER IDENTIFIER
- control field: NUST
005 - DATE AND TIME OF LATEST TRANSACTION
- control field: 20210628205129.0
008 - FIXED-LENGTH DATA ELEMENTS
- fixed length control field: 210628|| aca||aabn | a|a d
040 ## - CATALOGING SOURCE
- Original cataloging agency: NUST
- Transcribing agency: NUST
100 ## - HEADING--PERSONAL NAME
- Personal name: HOWARD W.SONS
670 ## - SOURCE DATA FOUND
- Source citation: Work cat.: (NUST): HOWARD W.SONS, COMMODORE 64 PROGRAMMERS REFERENCE GUIDE, 1983
